| 000 | 00908nam a2200205 i 4500 | ||
|---|---|---|---|
| 001 | 96184 | ||
| 003 | ES-MaACL | ||
| 005 | 20230906181848.0 | ||
| 007 | t| | ||
| 008 | 050613q1916 sp ||||1| spa d | ||
| 080 | _a821.133.1(493)-23"19" | ||
| 100 | 1 |
_aMaeterlinck, Maurice. _975418 |
|
| 245 | 1 | 0 |
_aObras / _cde Maurice Maeterlinck; traducción de G. Martínez Sierra. |
| 260 |
_aMadrid : _bRenacimiento, _c[ca. 1916] |
||
| 300 |
_a5 v. ; _c20 cm. |
||
| 505 | 8 | _aContiene: I. La princesa Malena ; La intrusa ; Los ciegos (384 p.) -- II. Peleas y Melisanda ; Aladina y Palomides ; Interior ; La muerte de Tintagiles (272 p.) -- III. Aglavena y Seliseta ; Ariana y Bomba Azul ; Sor Beatriz (250 p.) -- IV. La sabiduría y el destino (302 p.) -- V. El templo sepultado (303 p.) | |
| 700 | 1 |
_aMartínez Sierra, Gregorio, _d1881-1947 _978429 |
|
| 852 | 4 |
_aES-MaACL _jC-6347-51 |
|
| 999 |
_c96184 _d96184 |
||